Impact of information technology services in libraries

Contents of material: Impact of ICTs in libraries. Role of libraries in digital age. Analysis of digital information services. Digital repositories. Digital preservation. Digital archiving. Electronic library trends. Copyrigh issues.

Guardado en:
Detalles Bibliográficos
Autor principal: Gopal, Krishan
Formato: Libro
Lenguaje:Undetermined
Publicado: Laxmi Nagar, New Delhi Authorspress 2003
Materias:
Etiquetas: Agregar Etiqueta
Sin Etiquetas, Sea el primero en etiquetar este registro!
Thư viện lưu trữ: Trung tâm Học liệu Trường Đại học Cần Thơ
LEADER 00846nam a2200205Ia 4500
001 CTU_124790
008 210402s9999 xx 000 0 und d
020 |c 37.00 
082 |a 025.04 
082 |b G661 
100 |a Gopal, Krishan 
245 0 |a Impact of information technology services in libraries 
245 0 |c Krishan Gopal 
260 |a Laxmi Nagar, New Delhi 
260 |b Authorspress 
260 |c 2003 
520 |a Contents of material: Impact of ICTs in libraries. Role of libraries in digital age. Analysis of digital information services. Digital repositories. Digital preservation. Digital archiving. Electronic library trends. Copyrigh issues. 
650 |a Information technology,Information storage and retrieval systems,Information services. 
904 |i Minh 
980 |a Trung tâm Học liệu Trường Đại học Cần Thơ